000 00438nam a2200181Ia 4500
005 20250620143919.0
008 008 250516s9999 xx 000 0 eng d
020 _a9780751541182
040 _bENG
_cSDCL
041 _aeng
_2eng
084 _aO-,3N58 Q3 LR
100 _aMitch, Albom
_9402677
245 0 _aTime Keeper
260 _aLondon:
_bHachette,
_c2013.
300 _a236p.
650 _aReference
942 _cTEXL
_2CC
999 _c1429675
_d1429675